CONTABILIDAD ADMINISTRATIVA (Registro nro. 48891)
[ vista simple ]
| 000 -LEADER | |
|---|---|
| fixed length control field | 01021nam a2200193 a 4500 |
| 001 - CONTROL NUMBER | |
| control field | 48891 |
| 005 - DATE AND TIME OF LATEST TRANSACTION | |
| control field | 20180714033350.0 |
| 008 - FIXED-LENGTH DATA ELEMENTS--GENERAL INFORMATION | |
| fixed length control field | 140415s2005 mx 000 0 spa d |
| 020 ## - INTERNATIONAL STANDARD BOOK NUMBER | |
| International Standard Book Number | 9701046684 |
| 041 ## - LANGUAGE CODE | |
| Language code of text/sound track or separate title | spa |
| 082 ## - DEWEY DECIMAL CLASSIFICATION NUMBER | |
| Classification number | 657.8 |
| Item number | RAM |
| 100 1# - MAIN ENTRY--PERSONAL NAME | |
| Personal name | Ramírez Padilla, David Noel,. |
| 245 10 - TITLE STATEMENT | |
| Title | CONTABILIDAD ADMINISTRATIVA |
| 250 ## - EDITION STATEMENT | |
| Edition statement | 7ed. |
| 260 ## - PUBLICATION, DISTRIBUTION, ETC. | |
| Place of publication, distribution, etc. | MEXICO : |
| Name of publisher, distributor, etc. | MCGRAW-HILL INTERAMERICANA EDITORES, |
| Date of publication, distribution, etc. | 2005 |
| 300 ## - PHYSICAL DESCRIPTION | |
| Extent | 409 |
| Dimensions | 19.1 x 2.2 x 23.5 |
| 520 ## - SUMMARY, ETC. | |
| Summary, etc. | EL MUNDO DE LOS NEGOCIOS HA REGISTRADO PROFUNDOS CAMBIOS DEBIDOS A TERS GRANDES FACTORES: LA GLOBALIZACION, LA ECONOMIA DEL LIBRE MERCADO Y EL AVANCE TECNOLOGICO. ANTE ESTO LOS ADMINISTRADORES HON TOMADO UN PAPEL MUCHO MAS DENAMICO PARA CONVERTIRSE EN PROTAGONISTAS DEL CAMBIO QUE SE VIVE EN LAS EMPRESAS. DESDE HACE MAS DE DOS DECADAS, GENERACIONES DE PROFESIONALES DE LA ADMINISTRACION Y DE LA CONTADURIA SE HAN FORMADO CO ESTE TEXTO PARA LABORAR EN LOS DIVERSOS SECTORES PRODUCTIVOS DE L |
| 650 14 - SUBJECT ADDED ENTRY--TOPICAL TERM | |
| Topical term or geographic name entry element | CONTABILIDAD ADMINISTRATIVA |
| Withdrawn status | Lost status | Source of classification or shelving scheme | Damaged status | Not for loan | Collection code | Home library | Current library | Shelving location | Date acquired | Source of acquisition | Total Checkouts | Full call number | Barcode | Date last seen | Date last checked out | Price effective from | Koha item type | Inventory number |
|---|---|---|---|---|---|---|---|---|---|---|---|---|---|---|---|---|---|---|
| Dewey Decimal Classification | General | Biblioteca Karol Wojtyla | Biblioteca Karol Wojtyla | Sala general | 03/12/2013 | Compra | 657.8 RAM | 72999 | 05/01/2026 | 23/11/2015 | 03/12/2013 | Libro | 151000000000000000020991 | |||||
| Dewey Decimal Classification | General | Biblioteca Karol Wojtyla | Biblioteca Karol Wojtyla | Sala general | 03/12/2013 | Compra | 657.8 RAM | 74037 | 05/01/2026 | 27/02/2018 | 03/12/2013 | Libro | 151000000000000000020992 | |||||
| Dewey Decimal Classification | General | Tehuacán | Tehuacán | Sala general | 03/12/2013 | Compra | 657.8 RAM | 505393 | 16/04/2024 | 18/05/2016 | 03/12/2013 | Libro |